[Event "Foment Martinenc op-B 21st"]
[Site "Barcelona"]
[Date "2019.06.22"]
[Round "9"]
[White "Suarez Garcia, Mario"]
[Black "Benavides Castellano, Nitai"]
[Result "1/2-1/2"]
[WhiteElo "1668"]
[BlackElo "1430"]
[PlyCount "106"]
[EventDate "2019.04.27"]
[EventType "swiss"]
[EventRounds "9"]
[EventCountry "ESP"]
[SourceTitle "EXT 2020"]
[Source "ChessBase"]
[SourceDate "2019.10.17"]
[SourceVersion "1"]
[SourceVersionDate "2019.10.17"]
[SourceQuality "1"]

1. e4 c5 2. Nf3 Nc6 3. d4 cxd4 4. Nxd4 e5 5. Nb5 a6 6. Nd6+ Bxd6 7. Qxd6 Qf6 8. Qxf6 Nxf6 9. Nc3 Nb4 10. Bd3 Nxd3+ 11. cxd3 h6 12. Be3 0-0 13. d4 Ng4 14. Nd5 Nxe3 15. fxe3 b5 16. dxe5 Bb7 17. Rd1 Rad8 18. 0-0 Rfe8 19. Nb6 Re7 20. Rd4 Bc6 21. Rfd1 Rxe5 22. Nxd7 Bxd7 23. Rxd7 Rde8 24. R7d6 Rxe4 25. Rxa6 Rxe3 26. Rb6 R3e5 27. Rd2 Rf5 28. h3 Re1+ 29. Kh2 Re3 30. Rbd6 b4 31. R6d3 Re6 32. Rb3 Re4 33. a3 bxa3 34. bxa3 Ra4 35. Rdd3 Kf8 36. Rb4 Ra6 37. Re3 g6 38. a4 Rfa5 39. Ree4 Rc5 40. Rb5 Rc3 41. Rb7 Ra3 42. Ree7 Rf6 43. Re4 Ra6 44. Rf4 f5 45. Rd4 Re3 46. Rd8+ Re8 47. Rdd7 h5 48. Rh7 Kg8 49. Rbg7+ Kf8 50. Ra7 Rxa7 51. Rxa7 Re3 52. a5 Ra3 53. a6 Kg8 1/2-1/2

[Event "Foment Martinenc op-B 21st"]
[Site "Barcelona"]
[Date "2019.05.11"]
[Round "3"]
[White "Romeu Viladot, Emili"]
[Black "Benavides Castellano, Nitai"]
[Result "1-0"]
[WhiteElo "1660"]
[BlackElo "1430"]
[PlyCount "105"]
[EventDate "2019.04.27"]
[EventType "swiss"]
[EventRounds "9"]
[EventCountry "ESP"]
[SourceTitle "EXT 2020"]
[Source "ChessBase"]
[SourceDate "2019.10.17"]
[SourceVersion "1"]
[SourceVersionDate "2019.10.17"]
[SourceQuality "1"]

1. d4 Nf6 2. c4 g6 3. Nc3 Bg7 4. e4 d6 5. Be2 0-0 6. Bg5 h6 7. Be3 c5 8. d5 e6 9. e5 dxe5 10. Bxc5 Re8 11. d6 Nbd7 12. Ba3 Qb6 13. Nb5 Rd8 14. b4 a6 15. Nc7 Rb8 16. c5 Qc6 17. f3 b5 18. Bd3 Nd5 19. Be4 Bb7 20. Bb2 f5 21. Bxd5 exd5 22. Qb3 Kh7 23. 0-0-0 Nb6 24. Ne6 Re8 25. Nxg7 Kxg7 26. f4 Nc4 27. fxe5 a5 28. e6+ Kf8 29. e7+ Kf7 30. Qc3 Nxb2 31. Qxb2 axb4 32. Qxb4 Rbc8 33. Kb1 Ke6 34. Re1+ Kd7 35. Nf3 Qa6 36. Ne5+ Ke6 37. d7 Ra8 38. a3 Rxe7 39. Nxg6+ Kxd7 40. Rxe7+ Kd8 41. Rhe1 Qxg6 42. Re8+ Qxe8 43. Rxe8+ Kxe8 44. Qxb5+ Kd8 45. Qxb7 Rc8 46. Qxd5+ Kc7 47. Qd6+ Kb7 48. Qb6+ Ka8 49. Ka2 Rg8 50. Qc6+ Kb8 51. g3 Rd8 52. Qb6+ Kc8 53. c6 1-0

[Event "Foment Martinenc op-C 20th"]
[Site "Barcelona"]
[Date "2018.05.12"]
[Round "4"]
[White "Benavides Castellano, Nitai"]
[Black "Alegre Monmany, Eric"]
[Result "1-0"]
[WhiteElo "1665"]
[BlackElo "1734"]
[PlyCount "47"]
[EventDate "2018.04.21"]
[EventType "swiss"]
[EventRounds "9"]
[EventCountry "ESP"]
[SourceTitle "CBM 184 Extra"]
[Source "ChessBase"]
[SourceDate "2018.06.28"]
[SourceVersion "1"]
[SourceVersionDate "2018.06.28"]
[SourceQuality "1"]

1. e4 e6 2. d4 d5 3. Nd2 dxe4 4. Nxe4 Be7 5. c4 Nd7 6. Nf3 Ngf6 7. Bd3 0-0 8. 0-0 b6 9. Ng3 Bb7 10. Kh1 c5 11. dxc5 Nxc5 12. Be2 Qc7 13. b4 Nce4 14. a3 Nc3 15. Qc2 Nxe2 16. Qxe2 Rfd8 17. Bb2 Rd7 18. Ne5 Rd6 19. Nf3 Rad8 20. Be5 Qc8 21. Bxd6 Rxd6 22. Rad1 Ne8 23. Nf5 Rxd1 24. Nxe7+ 1-0

[Event "Foment Martinenc op-C 20th"]
[Site "Barcelona"]
[Date "2018.04.21"]
[Round "1"]
[White "Ani, Virgil"]
[Black "Benavides Castellano, Nitai"]
[Result "1-0"]
[WhiteElo "1805"]
[BlackElo "1665"]
[PlyCount "69"]
[EventDate "2018.04.21"]
[EventType "swiss"]
[EventRounds "9"]
[EventCountry "ESP"]
[SourceTitle "CBM 184 Extra"]
[Source "ChessBase"]
[SourceDate "2018.06.28"]
[SourceVersion "1"]
[SourceVersionDate "2018.06.28"]
[SourceQuality "1"]

1. e4 e5 2. Nf3 Nc6 3. Bc4 Nf6 4. Nc3 Bc5 5. d3 d6 6. Bg5 Be6 7. 0-0 h6 8. Bh4 g5 9. Bg3 Nh5 10. Nxe5 Nxg3 11. Nxc6 bxc6 12. hxg3 Qf6 13. Qf3 Qxf3 14. gxf3 h5 15. Na4 Bh3 16. Rfe1 Bb6 17. c3 0-0-0 18. d4 Rdf8 19. Nxb6+ cxb6 20. b4 f5 21. Be6+ Kb7 22. Kh2 fxe4 23. Bxh3 g4 24. Bf1 Rxf3 25. Kg1 Rxc3 26. Rxe4 b5 27. Re3 Rc2 28. Re2 Rc3 29. Re7+ Kb6 30. Rae1 Rc2 31. R1e2 Rc3 32. R2e6 d5 33. Rf6 Rc2 34. Rff7 Rxa2 35. Rb7+ 1-0